Planning policy, planning applications and enforcement of planning control: a guide to practitioners prepared by the Planning and Development Division of the Scottish Branch of RICS, December 1979 (Record no. 88698)

MARC details
000 -LEADER
fixed length control field 00754cam a2200217 4500
001 - CONTROL NUMBER
control field D15799
008 - FIXED-LENGTH DATA ELEMENTS--GENERAL INFORMATION
fixed length control field 090401t1979 xxu||||| |||| 00| 0 eng d
035 ## - SYSTEM CONTROL NUMBER
System control number (Sirsi) u25230
041 ## - LANGUAGE CODE
Language code of text/sound track or separate title eng
050 ## - LIBRARY OF CONGRESS CALL NUMBER
Classification number 711.1041
110 ## - MAIN ENTRY--CORPORATE NAME
Corporate name or jurisdiction name as entry element Royal Institution of Chartered Surveyors
Subordinate unit Scottish Branch
9 (RLIN) 830
245 ## - TITLE STATEMENT
Title Planning policy, planning applications and enforcement of planning control: a guide to practitioners prepared by the Planning and Development Division of the Scottish Branch of RICS, December 1979
260 ## - PUBLICATION, DISTRIBUTION, ETC.
Name of publisher, distributor, etc. RICS
Date of publication, distribution, etc. 1979
300 ## - PHYSICAL DESCRIPTION
Extent 61p. 30cm
350 ## - PRICE (NR) (BK AM CF MU VM SE) [OBSOLETE]
Price 0
490 ## - SERIES STATEMENT
Series statement Practice Note
Volume/sequential designation no 1 (Scotland)
520 ## - SUMMARY, ETC.
Summary, etc. Filed in box 1979/54 ABC
710 ## - ADDED ENTRY--CORPORATE NAME
Corporate name or jurisdiction name as entry element Planning and Development Division
9 (RLIN) 784
942 ## - ADDED ENTRY ELEMENTS (KOHA)
Suppress in OPAC 0
948 ## - LOCAL PROCESSING INFORMATION (OCLC); SERIES PART DESIGNATOR (RLIN)
c (OCLC) 04/03/1997
Holdings
Withdrawn status Lost status Source of classification or shelving scheme Damaged status Not for loan Home library Current library Shelving location Date acquired Total Checkouts Full call number Barcode Date last seen Copy number Price effective from Koha item type
    Other/Generic Classification Scheme     London London RICS Boxes 14/09/1999   RICS 1979/54 30005366 06/08/2019 1 06/08/2019 Reference material
    Other/Generic Classification Scheme     London London RICS Boxes 09/08/1991   RICS 1979/54 30005367 06/08/2019 2 06/08/2019 Book
    Other/Generic Classification Scheme     London London RICS Boxes 22/08/1991   RICS 1979/54 30027886 06/08/2019 3 06/08/2019 Reference material